KATHA CAHYAN (Record no. 6421)
[ view plain ]
| 000 -LEADER | |
|---|---|
| fixed length control field | 00398cam a2200169ua 4500 |
| 008 - FIXED-LENGTH DATA ELEMENTS--GENERAL INFORMATION | |
| fixed length control field | 120409n1979 II |||gr||||Z||||||asm |
| 040 ## - CATALOGING SOURCE | |
| Original cataloging agency | MAIN |
| 041 ## - LANGUAGE CODE | |
| -- | English |
| 082 ## - DEWEY DECIMAL CLASSIFICATION NUMBER | |
| Classification number | 891.451 KHA |
| 100 ## - MAIN ENTRY--PERSONAL NAME | |
| Personal name | D.U . |
| 245 ## - TITLE STATEMENT | |
| Title | KATHA CAHYAN |
| 260 ## - PUBLICATION, DISTRIBUTION, ETC. | |
| Place of publication, distribution, etc. | DIBRUGARH |
| Name of publisher, distributor, etc. | DIBRUGARH UNIVERSITY COORDINATION COMMITTEE |
| Date of publication, distribution, etc. | 1979 |
| 300 ## - PHYSICAL DESCRIPTION | |
| Extent | 348. |
| 942 ## - ADDED ENTRY ELEMENTS (KOHA) | |
| Koha item type | Books |
| 653 ## - INDEX TERM--UNCONTROLLED | |
| Uncontrolled term | ASSAMESE LITERATURE |
| Withdrawn status | Lost status | Damaged status | Not for loan | Collection code | Home library | Current library | Shelving location | Date acquired | Full call number | Barcode | Date last seen | Copy number | Price effective from | Koha item type | Public note |
|---|---|---|---|---|---|---|---|---|---|---|---|---|---|---|---|
| REFASM | Central Library and Information Centre Sibsagar Girls College | Central Library and Information Centre Sibsagar Girls College | ASSAMESE OLD REFERENCE | 27.03.1980 | 891.451 KHA | 05827 | 27.02.2020 | 1 | 27.02.2020 | Books | V |